| 000 | 003450000a22001570004500 | ||
|---|---|---|---|
| 003 | MACL | ||
| 040 | _aMACL | ||
| 090 |
_c46410 _d46408 |
||
| 100 | _aBhagat, Chetan | ||
| 245 |
_aFive Point Someone _bWhat not to do at IIT |
||
| 260 |
_bRupa & Co _c2011 |
||
| 350 | _a95 | ||
| 650 | _aFiction | ||
| 942 |
_cBOOK _k823/BHA |
||
| 951 | _o823/BHA BOOK | ||
| 999 |
_c45925 _d45925 |
||